000 00287nam a22001337a 4500
020 _a9789356349490
082 _a510
_bOSW/M
245 _aXII MATHEMATICS
_bQUESTION BANK
250 _a19
260 _aAGRA
_bOSWALL BOOKS
300 _a336
650 _aQUESTION BANK
_zDELHI
942 _cBK
999 _c6876
_d6876